U.S. Geography by Letter - N - Statistics

General Stats
  • This quiz has been taken 53,015 times
    15,195 since last reset
  • The average score is 12 of 17
Answer Stats
Clue Answer % Correct
Biggest city in the U.S. New York
99%
Collective name of Horseshoe, American, and Bridal Veil falls {Niagara} Falls
96%
City known for country music Nashville
92%
City with a famous Mardi Gras celebration New Orleans
90%
92% of this state is farmland Nebraska
89%
U.S. state which gets the least precipitation Nevada
88%
Region encompassing six northeastern U.S. states New England
85%
California's most famous wine region {Napa} Valley
83%
State named for an island in the English Channel New Jersey
83%
Native American reservation larger than many states {Navajo} Nation
78%
Former Massachusetts whaling island, subject of many limericks Nantucket
72%
City where Yale University is based New Haven
56%
University located in South Bend, Indiana Notre Dame
54%
City in Virginia where the Atlantic Fleet is headquartered Norfolk
52%
City in Rhode Island famous for its many gilded age mansions Newport
50%
Pier in Chicago which gets 9 million visitors a year {Navy} Pier
34%
Upper class neighborhood in San Francisco {Nob} Hill
28%
No matching quizzes found
Score Distribution
Percent of People with Each Score
Percentile by Number Answered
Your Score History
You have not taken this quiz since the last reset